| 000 | 005390000a22001690004500 | ||
|---|---|---|---|
| 090 |
_aAR _b00827 |
||
| 245 | 1 | 0 | _aMeasuring biodiversity value for conservation |
| 650 | 1 | 4 |
_aValoración de la biodiversidad _992603 |
| 650 | 1 | 4 |
_aBiogeografía _992747 |
| 650 | 1 | 4 |
_aBiodiversidad _992204 |
| 041 | 0 | _aInglés | |
| 700 | 1 |
_aWilliams, Paul H. _992866 |
|
| 700 | 1 |
_aVane Wright, Richard I. _994024 |
|
| 100 | 1 |
_aHumphries, Cristopher J. _994025 |
|
| 942 | _cARTICULO | ||
| 773 | 1 |
_tAnnual Review of Ecology and Systematics _3205 _h26 _q93-111 _d1995 _g26 |
|
| 999 |
_c9916 _d9916 |
||